| 000 | 00855nam a22002175i 4500 | ||
|---|---|---|---|
| 001 | 157353 | ||
| 003 | ES-MaACL | ||
| 005 | 20250702054827.0 | ||
| 008 | 011105m18621865fr |||| | fre d | ||
| 040 |
_aCAM _bspa _cCAM |
||
| 100 | 1 |
_aLe Clerc, Victor. _9128777 |
|
| 245 | 1 | 0 |
_aDiscours sur l'etat des lettres / _cpar Victor Le Clerc. Discours sur l'état des beaux-arts/ par Ernest Renan. |
| 250 | _a2ª ed. | ||
| 260 |
_aParis : _bMichel Lévy Frères, _c1865 ( _ftypographie de Firmin Didot frères) |
||
| 300 |
_a2 v. (XVIII, 548; 429 p.) ; _c26 cm. |
||
| 490 | 1 | _aHistoire littéraire de la France au quatorzième siècle | |
| 700 | 1 |
_aRenan, Ernest, _d1823-1892 _996168 |
|
| 830 | 0 |
_aHistoire littéraire de la France au quatorzième siècle _9221774 |
|
| 852 |
_aES-MaACL _jC-1866-1867 _z-- Enc. hol. |
||
| 999 |
_c157353 _d157353 |
||